Statistics for City of Bath (UK) quiz

Click here to take the quiz!

General Stats

  • This quiz has been taken 168 times
  • The average score is 8 of 14

Answer Stats

HintAnswer% Correct
Ancient civilisation who built a famous complex of baths.Roman
87%
Name of the large, cathedral like church in the centre.Abbey
85%
Name of both the main station and one of the two universitiesBath Spa
79%
River running through the townAvon
78%
Most famous set of housesThe Royal Crescent
68%
Georgian novelist who set many of her novels in and around BathJane Austen
65%
Famous bridge with shops on it.Pulteney Bridge
65%
Houses built in a circular arrangementThe Circus
60%
Name of the biggest park incorporating botanical gardens and play areaVictoria park
60%
Roman name for BathAquae sulis
43%
Where you can taste the spa water and enjoy an expensive cup of teaPump room
40%
Rooms where Georgian society would meet for balls, now home to the Fashion MuseumAssembly Rooms
32%
Ralph Allen's house, now a schoolPrior park
24%
Legendary King who discovered the healing properties of the springs and founded the city.Bladud
10%

Score Distribution

Percentile by Number Answered

Percent of People with Each Score

Your Score History

You have not taken this quiz